000 00432nam a2200181Ia 4500
001 10604
005 20260306161844.0
008 260306t1985||||xx |||||||||||||| ||spa||
041 _aESP
082 _a944.04
_bB11
100 _aBabeuf, Francois-Noël
_eAUT
245 0 _aRealismo y utopía en la revolución francesa
260 _c1985
300 _a
_c20 cm.
650 _aGEN
654 _aCHU
942 _cLIB
_dJUS
_fJUS
_2ddc
_n
999 _c10604
_d10604